Największe miasta na Słowacji. - Statystyki

Ogólne statystyki
  • Ten quiz został rozwiązany 81 razy
    65 od ostatniego zresetowania
  • Średni wynik to 7 z 10
Statystyki odpowiedzi
liczba ludności miasto % Poprawnych
478,040 Bratysława
98%
225,044 Koszyce
96%
80,634 Źylina
76%
62,955 Trnawa
73%
74,065 Bańska Bystrzyca
65%
82,286 Preszów
65%
76,499 Nitra
61%
54,065 Trenczyn
55%
48,741 Poprad
51%
50,629 Martin
29%
Nie znaleziono quizów pasujących do podanych kryteriów
Rozkład punktacji
Procent ludzi z każdym wynikiem
Percentyl według liczby udzielonych odpowiedzi
Twoja historia wyników
Nie rozwiązałeś tego quizu od ostatniego zresetowania